Estadísticas para Jugadores de la Selección Francesa de Fútbol por Foto

Haz click aquí para intentar la prueba.

Estadísticas generales

  • Esta prueba ha sido intentada 265 veces
  • La puntuación promedio es 16 de 20

Estadísticas de respuestas

Respuesta% Correcto
Kylian Mbappé
100%
Zinedine Zidane
100%
Antoine Griezmann
98%
Karim Benzema
97%
Hugo Lloris
95%
Olivier Giroud
94%
Paul Pogba
93%
Raphael Varane
93%
Ousmane Dembélé
92%
N'Golo Kanté
91%
Jules Koundé
90%
Eduardo Camavinga
89%
Thierry Henry
89%
Michel Platini
78%
David Trezeguet
69%
Blaise Matuidi
60%
Patrick Vieira
51%
Emmanuel Petit
48%
Robert Pirès
47%
Just Fontaine
25%

Distribución de puntuación

Porcentaje por número respondido

Porcentaje de gente con cada puntuación

Historial de tus puntuaciones

No has intentado esta prueba.